000
00209nam a2200085 4500
001
1257775
005
20260219102034.0
245
_a
SAKAR BORA İZCİLER GELİYOR
_c
ÇAĞRI CEBECİ
260
_b
GENÇ HAYAT YAYINLARI
999
_c
1257775
_d
1257775